000 00522nam a2200145Ia 4500
008 100122s9999 xx 000 0 und d
082 _b37782
_a335.4
100 _aखाडिलकर नीलकंठ
245 _aएक टकका विरुध्द 99 टकके
260 _bसंबोधी प्रकाशन
_c1905
300 _a130
630 _aएक टकका विरुध्द 99 टकके
730 _aएक टकका विरुध्द 99 टकके
942 _cBOOK
999 _c420138
_d420135